Города Хакасии - Statistics

General Stats
  • This quiz has been taken 35 times
  • The average score is 4 of 5
Answer Stats
Население Город % Correct
185 804 Абакан
100%
12 272 Абаза
80%
75 745 Черногорск
76%
44 872 Саяногорск
68%
10 124 Сорск
44%
No matching quizzes found
Score Distribution
Percent of People with Each Score
Percentile by Number Answered
Your Score History
You have not taken this quiz